Marvel Superheroes - Statistics

General Stats
  • This quiz has been taken 53 times
  • The average score is 56 of 265
Answer Stats
Superheroes % Correct
Hulk
98%
Iron Man
98%
Spider-Man
95%
Black Widow
90%
Captain America
90%
Hawkeye
88%
Thor
88%
Wolverine
88%
Doctor Strange
83%
Deadpool
80%
Groot
80%
Gamora
76%
M
76%
Star Lord
76%
Thing
76%
Black Panther
73%
Drax
73%
Rocket Raccoon
73%
Scarlet Witch
73%
Winter Soldier
73%
Ant-Man
71%
Captain Marvel
71%
Falcon
68%
She-Hulk
68%
Cyclops
66%
Daredevil
66%
Human Torch
66%
War Machine
66%
Wasp
66%
Vision
63%
Beast
61%
Quicksilver
61%
Storm
61%
Gambit
59%
Iceman
59%
Invisible Woman
59%
Iron Fist
59%
Professor X
59%
Red Hulk
59%
Mantis
56%
Moon Knight
56%
Blade
54%
Ms. Marvel
54%
Silver Surfer
54%
Ghost Rider
51%
Nightcrawler
51%
The Punisher
51%
Colossus
49%
Phoenix
49%
Rogue
49%
Spider-Woman
49%
Miles Morales
44%
Mister Fantastic
44%
Namor
44%
Nebula
44%
Captain Britain
41%
Valkyrie
41%
Adam Warlock
39%
Angel
39%
Luke Cage
39%
X-23
39%
Bishop
37%
Jubilee
37%
Yondu
37%
Agent Venom
34%
Sentry
34%
Shang-Chi
34%
Cable
32%
Cloak
32%
Dagger
32%
Nova
32%
Psylocke
32%
Echo
29%
U.S. Agent
29%
Hulkling
27%
Mystique
27%
Wonder Man
27%
Banshee
24%
Black Cat
24%
Domino
24%
Kate Bishop
24%
Magik
24%
Yellowjacket
24%
Black Knight
22%
Firestar
22%
Hercules
22%
Polaris
22%
Sunspot
22%
Tigra
22%
Wiccan
22%
Cosmo
20%
Havok
20%
Pyro
20%
Shadowcat
20%
Speed
20%
Beta Ray Bill
17%
Giant-Man
17%
Mockingbird
17%
Moon Girl
17%
Ronin
17%
Sandman
17%
Sprite
17%
White Tiger
17%
Crystal
15%
Dazzler
15%
Iron Lad
15%
Power Man
15%
Spectrum
15%
Ultron
15%
Ares
12%
Clea
12%
Darkhawk
12%
Devil Dinosaur
12%
Forge
12%
Jewel
12%
Longshot
12%
Moondragon
12%
Photon
12%
Sersi
12%
Stature
12%
White Queen
12%
Cannonball
10%
Captain Universe
10%
Darwin
10%
Gilgamesh
10%
Goliath
10%
Hyperion
10%
Namorita
10%
Nighthawk
10%
Quake
10%
Viv Vision
10%
X-Man
10%
Aurora
7%
Blink
7%
Blue Marvel
7%
Hope
7%
Jack of Hearts
7%
Lockheed
7%
Marvel Girl
7%
Patriot
7%
Pixie
7%
Quasar
7%
Sabretooth
7%
Warlock
7%
Warpath
7%
Wolfsbane
7%
Amadeus Cho
5%
Angela
5%
Changeling
5%
Jocasta
5%
Justice
5%
Legion
5%
Machine Man
5%
Magma
5%
Marvel Boy
5%
Multiple Man
5%
She-Thing
5%
Starfox
5%
Sunfire
5%
Swordsman
5%
Thunderbird
5%
Abyss
2%
Ariel
2%
Armor
2%
Boom-Boom
2%
Brawn
2%
Brother Voodoo
2%
Chamber
2%
Charlie-27
2%
Cypher
2%
Demolition Man
2%
Doctor Druid
2%
Doombot
2%
Firebird
2%
Hazmat
2%
Hellcat
2%
Karma
2%
Kid Loki
2%
Lightspeed
2%
Major Victory
2%
Martinex
2%
Mirage
2%
Miss America
2%
Misty Knight
2%
Ms. Thing
2%
Nightmask
2%
Night Trasher
2%
Nikki
2%
Penance
2%
Phyla-Vell
2%
Power Woman
2%
Rage
2%
Starbrand
2%
Starhawk
2%
Stingray
2%
Sub-Mariner
2%
Warbird
2%
Aleta Ogord
0%
Alexis the Protector
0%
Ardina
0%
Avengers X
0%
Blue Bolt
0%
Bombshell
0%
Brainstorm
0%
Bug
0%
Cadaver
0%
Cecilia Reyes
0%
Cerebra
0%
Cloud
0%
Cloud 9
0%
Danger
0%
Diamond Hellstorm
0%
Doctor Nemesis
0%
Espirita
0%
Ex Nihilo
0%
Frenzy
0%
Gentle
0%
Glob Herman
0%
Hepzibah
0%
Honey Badger
0%
Impossible City
0%
Ink
0%
Jack Flag
0%
Joseph
0%
Kaluu
0%
Kid Omega
0%
Lady Mastermind
0%
Lifeguard
0%
Living Lightning
0%
Madison Jeffries
0%
Magento
0%
Maggott
0%
Manifold
0%
Marrow
0%
Mimic
0%
Omega Sentinel
0%
Petra
0%
Powerhouse
0%
Prestige
0%
Prodigy
0%
Protector
0%
Rasputin lV
0%
Red Locust
0%
Revanche
0%
Sage
0%
Silverclaw
0%
Sleepwalker
0%
Smasher
0%
Spider Hero
0%
Stacy X
0%
Sway
0%
Synapse
0%
Synch
0%
Talon
0%
Temper
0%
Thunderstrike
0%
Triathlon
0%
Trinary
0%
Two-Gun Kid
0%
Victor Mancha
0%
Vulcan
0%
Xorn
0%
No matching quizzes found
Score Distribution
Percent of People with Each Score
Percentile by Number Answered
Your Score History
You have not taken this quiz